[Event "Bundesliga 2022-23"]
[Site "Hamburg GER"]
[Date "2023.03.18"]
[Round "10.8"]
[Board "5"]
[White "Santos Ruiz, Miguel"]
[Black "Meshkovs, Nikita"]
[Result "1/2-1/2"]
[WhiteTitle "GM"]
[BlackTitle "GM"]
[WhiteElo "2580"]
[BlackElo "2566"]
[WhiteTeam "FC Bayern Muenchen"]
[BlackTeam "SK Doppelbauer Turm Kiel"]
[WhiteFideId "22291482"]
[BlackFideId "11602740"]
[EventDate "2022.10.22"]

1. e4 e5 2. Nf3 Nc6 3. Bc4 Bc5 4. O-O Nf6 5. d3 d6 6. c3 O-O 7. Re1 a5 8. h3 h6
9. Nbd2 Be6 10. Bb5 Qb8 11. Nf1 Qa7 12. Re2 a4 13. Ng3 Qa5 14. Bxc6 bxc6 15. Rc2
Kh7 16. Bd2 Bb6 17. c4 Qa7 18. Bc3 c5 19. Bd2 c6 20. Nh4 Qd7 21. Nhf5 Ng8 22.
Qc1 1/2-1/2

[Event "Bundesliga 2022-23"]
[Site "Hamburg GER"]
[Date "2023.03.18"]
[Round "10.8"]
[Board "6"]
[White "Teclaf, Pawel"]
[Black "Dragnev, Valentin"]
[Result "1-0"]
[WhiteTitle "IM"]
[BlackTitle "GM"]
[WhiteElo "2551"]
[BlackElo "2544"]
[WhiteTeam "SK Doppelbauer Turm Kiel"]
[BlackTeam "FC Bayern Muenchen"]
[WhiteFideId "1185934"]
[BlackFideId "1634852"]
[EventDate "2022.10.22"]

1. c4 c5 2. Nf3 Nf6 3. g3 d5 4. cxd5 Nxd5 5. Bg2 Nc6 6. b3 e5 7. Bb2 f6 8. Nc3
Be6 9. d3 Be7 10. Nd2 Rc8 11. O-O O-O 12. Nxd5 Bxd5 13. Bh3 Rc7 14. Nc4 Re8 15.
Ne3 Bf7 16. Rc1 Bf8 17. Re1 Nd4 18. Qd2 Rc6 19. Bc3 Ra6 20. Rcd1 b5 21. Qb2 g6
22. Qb1 f5 23. Bg2 Qd7 24. Nc2 Rd6 25. e3 Nc6 26. b4 cxb4 27. Nxb4 Nb8 28. e4 a5
29. Nd5 b4 30. Ba1 Bg7 31. Rc1 Nc6 32. Rc5 Qd8 33. Rec1 Bxd5 34. exd5 Nd4 35.
Bxd4 exd4 36. Qc2 Bh6 37. Rd1 Rf8 38. Re1 Rdf6 39. Qc4 f4 40. d6+ Kh8 41. Re7
fxg3 42. Rcc7 gxf2+ 43. Kf1 1-0

[Event "Bundesliga 2022-23"]
[Site "Hamburg GER"]
[Date "2023.03.18"]
[Round "10.8"]
[Board "7"]
[White "Bischoff, Klaus"]
[Black "Gumularz, Szymon"]
[Result "1/2-1/2"]
[WhiteTitle "GM"]
[BlackTitle "GM"]
[WhiteElo "2486"]
[BlackElo "2546"]
[WhiteTeam "FC Bayern Muenchen"]
[BlackTeam "SK Doppelbauer Turm Kiel"]
[WhiteFideId "4600045"]
[BlackFideId "1188062"]
[EventDate "2022.10.22"]

1. d4 g6 2. e4 Bg7 3. Nf3 d6 4. c3 Nf6 5. Qc2 O-O 6. Be2 c5 7. dxc5 dxc5 8. O-O
Qc7 9. Re1 Nc6 10. Na3 a6 11. h3 b5 12. Be3 c4 13. Nb1 Bb7 14. Nbd2 Nd7 15. a4
Rac8 16. axb5 axb5 17. Nh2 Rfd8 18. Ng4 Nde5 19. Nxe5 Nxe5 20. Ra7 Qc6 21. Rea1
Nd3 22. b3 cxb3 23. Nxb3 Bxc3 24. Bxd3 Bxa1 25. Nxa1 Qd6 26. Qb2 Qxd3 27. Rxb7
Qxe4 28. Rxb5 Rd1+ 29. Kh2 Qc6 30. Bh6 f6 31. Qb3+ e6 32. Rb6 Qd5 33. Qxd5 exd5
34. Nb3 Rb1 35. Be3 Rc3 36. Nd2 Rxb6 37. Bxb6 Kf7 1/2-1/2

[Event "Bundesliga 2022-23"]
[Site "Hamburg GER"]
[Date "2023.03.18"]
[Round "10.8"]
[Board "8"]
[White "Pajeken, Jakob Leon"]
[Black "Johansson, Linus"]
[Result "0-1"]
[WhiteTitle "IM"]
[BlackTitle "IM"]
[WhiteElo "2461"]
[BlackElo "2461"]
[WhiteTeam "SK Doppelbauer Turm Kiel"]
[BlackTeam "FC Bayern Muenchen"]
[WhiteFideId "12942839"]
[BlackFideId "1711113"]
[EventDate "2022.10.22"]

1. Nf3 c5 2. e4 Nc6 3. Bb5 g6 4. Bxc6 dxc6 5. d3 Bg7 6. h3 Nf6 7. O-O b6 8. a4
a5 9. Be3 Qc7 10. Qd2 e5 11. Nc3 h6 12. Nh2 Nh5 13. Rae1 Be6 14. Ne2 g5 15. Qc3
Rg8 16. Ng3 Nf4 17. f3 O-O-O 18. Rf2 h5 19. Nhf1 Bf6 20. Nf5 Rg6 21. Nd2 Rh8 22.
Nc4 g4 23. Bxf4 exf4 24. e5 Bd8 25. Ncd6+ Kb8 26. h4 Qd7 27. fxg4 Rxg4 28. Re4
Bxf5 29. e6 Qxd6 30. Qxh8 fxe6 31. Rc4 Kb7 32. b4 axb4 33. a5 bxa5 34. d4 Bb6
35. Qxh5 cxd4 36. Qf7+ Qc7 0-1

[Event "Bundesliga 2022-23"]
[Site "Baden-Baden GER"]
[Date "2023.03.19"]
[Round "11.1"]
[Board "1"]
[White "Vachier-Lagrave, Maxime"]
[Black "Navara, David"]
[Result "1/2-1/2"]
[WhiteTitle "GM"]
[BlackTitle "GM"]
[WhiteElo "2747"]
[BlackElo "2676"]
[WhiteTeam "OSG Baden-Baden"]
[BlackTeam "SV Muelheim Nord"]
[WhiteFideId "623539"]
[BlackFideId "309095"]
[EventDate "2022.10.22"]

1. e4 e5 2. Nf3 Nc6 3. Bb5 Nf6 4. O-O Nxe4 5. Re1 Nd6 6. Nxe5 Be7 7. Bf1 Nxe5 8.
Rxe5 O-O 9. d4 Bf6 10. Re2 b6 11. Re1 Bb7 12. Bf4 Ne4 13. Nd2 Nxd2 14. Qxd2 d6
15. a4 c5 16. c3 cxd4 17. cxd4 Rc8 18. Ra3 Re8 19. Rae3 Rxe3 20. Rxe3 Qd7 21. b3 1/2-1/2

[Event "Bundesliga 2022-23"]
[Site "Baden-Baden GER"]
[Date "2023.03.19"]
[Round "11.1"]
[Board "2"]
[White "Tregubov, Pavel V."]
[Black "Vallejo Pons, Francisco"]
[Result "0-1"]
[WhiteTitle "GM"]
[BlackTitle "GM"]
[WhiteElo "2548"]
[BlackElo "2716"]
[WhiteTeam "SV Muelheim Nord"]
[BlackTeam "OSG Baden-Baden"]
[WhiteFideId "4115341"]
[BlackFideId "2205530"]
[EventDate "2022.10.22"]

1. e4 c6 2. Nc3 d5 3. Nf3 Bg4 4. h3 Bxf3 5. Qxf3 e6 6. g3 Nd7 7. d4 Qb6 8. Qd3
Bb4 9. Bg2 dxe4 10. Bxe4 Rd8 11. a3 Bxc3+ 12. Qxc3 Ndf6 13. Bf3 Ne7 14. Qc5 Rxd4
15. Qxb6 axb6 16. Be3 Rc4 17. O-O-O Nfd5 18. Bxd5 cxd5 19. Bxb6 f6 20. Rd4 Rxd4
21. Bxd4 Kd7 22. b3 e5 23. Bb2 Ke6 24. Kd2 g5 25. Re1 h5 26. f4 gxf4 27. gxf4 e4
28. c4 Rg8 29. cxd5+ Kf5 30. d6 Rd8 31. Bd4 Rxd6 32. Kc3 Nc6 33. Bb6 Rd3+ 34.
Kc4 Kxf4 0-1

[Event "Bundesliga 2022-23"]
[Site "Baden-Baden GER"]
[Date "2023.03.19"]
[Round "11.1"]
[Board "5"]
[White "Wojtaszek, Radoslaw"]
[Black "Hausrath, Daniel"]
[Result "1-0"]
[WhiteTitle "GM"]
[BlackTitle "GM"]
[WhiteElo "2693"]
[BlackElo "2465"]
[WhiteTeam "OSG Baden-Baden"]
[BlackTeam "SV Muelheim Nord"]
[WhiteFideId "1118358"]
[BlackFideId "4617495"]
[EventDate "2022.10.22"]

1. d4 Nf6 2. c4 Nc6 3. Nc3 e5 4. d5 Ne7 5. Nf3 Ng6 6. h4 h5 7. Bg5 Be7 8. g3 d6
9. e4 Bg4 10. Be2 Nf8 11. Nh2 Bxe2 12. Qxe2 c5 13. O-O-O N6d7 14. Bd2 a6 15. f4
Bf6 16. Nf3 Qe7 17. Rde1 Ng6 18. Nd1 Qf8 19. Nf2 Qe7 20. Kb1 exf4 21. gxf4 O-O-O
22. Nd3 Rde8 23. Qh2 Bd4 24. Nxd4 cxd4 25. Qh3 Kb8 26. Bb4 f6 27. Rhg1 Rh6 28.
Rg2 Nc5 29. Bxc5 dxc5 30. Qg3 b5 31. Rc2 1-0

[Event "Bundesliga 2022-23"]
[Site "Baden-Baden GER"]
[Date "2023.03.19"]
[Round "11.1"]
[Board "6"]
[White "Feygin, Michael"]
[Black "Shirov, Alexei"]
[Result "1/2-1/2"]
[WhiteTitle "GM"]
[BlackTitle "GM"]
[WhiteElo "2454"]
[BlackElo "2662"]
[WhiteTeam "SV Muelheim Nord"]
[BlackTeam "OSG Baden-Baden"]
[WhiteFideId "14103109"]
[BlackFideId "2209390"]
[EventDate "2022.10.22"]

1. d4 d5 2. Nf3 Nf6 3. e3 Bf5 4. Bd3 Bg6 5. O-O e6 6. Ne5 c5 7. b3 Nc6 8. Bb2
cxd4 9. exd4 Bxd3 10. Qxd3 Rc8 11. Nd2 Be7 12. Rae1 O-O 13. c3 Nxe5 14. dxe5 Nd7
15. Re3 f5 16. exf6 Bxf6 17. Qe2 e5 18. c4 Qa5 19. Bc3 Qxa2 20. cxd5 Rfd8 21.
Qd3 Qa6 22. Qf5 g6 23. Qg4 Bg7 24. Ne4 Nc5 25. Ra1 h5 26. Qh3 Qxa1+ 27. Bxa1
Nxe4 28. Qe6+ Kh7 29. g4 Re8 30. Qd7 Nf6 31. Qa4 Nxd5 32. gxh5 Nxe3 33. hxg6+
Kxg6 34. fxe3 a6 35. Qe4+ Kh6 36. Qh4+ Kg6 37. Qe4+ Kg5 38. Qxb7 Bf6 39. Qh7 Rg8
40. Kf2 Bg7 41. h4+ Kf6 42. h5 Bh8 43. Kf3 Kg5 44. Ke4 Rcf8 45. h6 Kh5 46. Qd7
Rg4+ 47. Kd5 Rg5 48. Qh3+ Kg6 49. Qe6+ Bf6 50. Qxa6 Kxh6 51. Qe6 Kg7 52. Bc3
Rd8+ 53. Kc4 Rh5 54. b4 Rh4+ 55. Kb3 Rd3 56. Qa6 Rd1 57. Qb7+ Kg6 58. Qg2+ Kf7
59. Qb7+ Kg6 60. Qg2+ Kf7 61. Qb7+ 1/2-1/2

[Event "Bundesliga 2022-23"]
[Site "Baden-Baden GER"]
[Date "2023.03.19"]
[Round "11.1"]
[Board "7"]
[White "Kasimdzhanov, Rustam"]
[Black "Dinstuhl, Volkmar"]
[Result "1/2-1/2"]
[WhiteTitle "GM"]
[BlackTitle "IM"]
[WhiteElo "2670"]
[BlackElo "2379"]
[WhiteTeam "OSG Baden-Baden"]
[BlackTeam "SV Muelheim Nord"]
[WhiteFideId "14200244"]
[BlackFideId "4613562"]
[EventDate "2022.10.22"]

1. d4 d5 2. Nf3 Nf6 3. c4 dxc4 4. e3 Bg4 5. Bxc4 e6 6. Nc3 Nc6 7. h3 Bh5 8. g4
Bg6 9. Nh4 a6 10. Nxg6 hxg6 11. Bf1 e5 12. Bg2 exd4 13. exd4 Bd6 14. O-O O-O 15.
Be3 Qd7 16. Rc1 Rab8 17. a3 Ne7 18. d5 Be5 19. Qb3 b5 20. Rcd1 Rfe8 21. Rfe1
Rbd8 22. Bg5 Nc8 23. a4 Nd6 24. axb5 axb5 25. Bf3 Bxc3 26. Qxc3 Nfe4 27. Bxe4
Nxe4 28. Rxe4 Rxe4 29. Bxd8 Qxd8 30. d6 cxd6 31. Qc6 Qe8 32. Qxd6 Re1+ 33. Rxe1
Qxe1+ 34. Kg2 1/2-1/2

[Event "Bundesliga 2022-23"]
[Site "Baden-Baden GER"]
[Date "2023.03.19"]
[Round "11.1"]
[Board "8"]
[White "Hoenig, Alexander"]
[Black "Naiditsch, Arkadij"]
[Result "0-1"]
[BlackTitle "GM"]
[WhiteElo "2214"]
[BlackElo "2667"]
[WhiteTeam "SV Muelheim Nord"]
[BlackTeam "OSG Baden-Baden"]
[WhiteFideId "4617770"]
[BlackFideId "4650891"]
[EventDate "2022.10.22"]

1. d4 Nf6 2. Nf3 g6 3. c4 Bg7 4. Nc3 O-O 5. Bf4 c5 6. d5 d6 7. e4 a6 8. a4 Nh5
9. Bg5 h6 10. Be3 e5 11. dxe6 Bxe6 12. Qd2 g5 13. e5 dxe5 14. Bxc5 Qxd2+ 15.
Nxd2 Rc8 16. Be3 Nc6 17. h4 g4 18. Rc1 f5 19. Nd5 Bxd5 20. cxd5 Nb4 21. Nb3
Rxc1+ 22. Bxc1 Nxd5 23. Bc4 Nf6 24. Bg5 hxg5 25. hxg5 Rc8 26. gxf6 Rxc4 27. fxg7
Kxg7 28. Kd2 Rb4 29. Kc2 Rf4 30. Rd1 Rxf2+ 31. Kb1 Nb4 32. Rd7+ Kf6 33. Rxb7
Rf1+ 34. Nc1 Nd3 35. Rb6+ Kg5 36. Rc6 f4 37. b4 Nxb4 38. Rc3 g3 39. Kb2 Rxc1 0-1

[Event "Bundesliga 2022-23"]
[Site "Baden-Baden GER"]
[Date "2023.03.19"]
[Round "11.2"]
[Board "1"]
[White "Bosiocic, Marin"]
[Black "Van Foreest, Jorden"]
[Result "1/2-1/2"]
[WhiteTitle "GM"]
[BlackTitle "GM"]
[WhiteElo "2548"]
[BlackElo "2694"]
[WhiteTeam "TSV Schoenaich"]
[BlackTeam "SG Solingen"]
[WhiteFideId "14507927"]
[BlackFideId "1039784"]
[EventDate "2022.10.22"]

1. Nf3 d5 2. g3 g6 3. Bg2 Bg7 4. O-O e5 5. d3 Nc6 6. e4 dxe4 7. dxe4 Qxd1 8.
Rxd1 Bg4 9. c3 f6 10. Na3 Bd7 11. Nc4 Nh6 12. Be3 Nf7 13. b4 O-O-O 14. a4 Be6
15. Rxd8+ Rxd8 16. Bf1 b6 17. a5 Kb7 18. Ne1 Bh6 19. Nc2 Bxe3 20. N2xe3 Ng5 21.
Bg2 Ne7 22. Kf1 b5 23. a6+ Kc8 24. Na5 Bh3 25. Bxh3+ Nxh3 26. Nd5 Nxd5 27. exd5
Kd7 28. Nc6 Ra8 29. Ra5 Ng5 30. f3 Nxf3 31. Rxb5 Nd2+ 32. Ke2 Nc4 33. Rb7 Nb6
34. Rxa7 Rxa7 35. Nxa7 Nxd5 36. Kd3 c6 37. b5 cxb5 38. Nxb5 Kc6 39. a7 Nb6 40.
c4 f5 41. Kc3 g5 42. Kb4 f4 43. c5 Na8 44. Nd6 h5 45. Nf7 fxg3 46. hxg3 h4 47.
gxh4 gxh4 48. Nxe5+ Kb7 49. Nf3 h3 50. Kc4 Nc7 51. Kd4 Ne6+ 52. Ke5 Nxc5 53. Kf4
Kxa7 54. Kg3 1/2-1/2

[Event "Bundesliga 2022-23"]
[Site "Baden-Baden GER"]
[Date "2023.03.19"]
[Round "11.2"]
[Board "2"]
[White "Ragger, Markus"]
[Black "Kadric, Denis"]
[Result "1/2-1/2"]
[WhiteTitle "GM"]
[BlackTitle "GM"]
[WhiteElo "2632"]
[BlackElo "2561"]
[WhiteTeam "SG Solingen"]
[BlackTeam "TSV Schoenaich"]
[WhiteFideId "1610856"]
[BlackFideId "14403803"]
[EventDate "2022.10.22"]

1. e4 e5 2. Nf3 Nf6 3. Nxe5 d6 4. Nf3 Nxe4 5. d4 d5 6. Bd3 Nc6 7. O-O Be7 8.
Nbd2 Nd6 9. c3 Bf5 10. Nb3 Bxd3 11. Qxd3 O-O 12. Bf4 Nc4 13. Nbd2 Nxd2 14. Bxd2
f6 15. Rfe1 Qd7 16. Re2 Rf7 17. Bf4 Bf8 18. Rae1 a6 19. h4 Re7 20. Nd2 Rae8 21.
Nb3 Rxe2 22. Rxe2 Rxe2 23. Qxe2 Nd8 24. Nc1 1/2-1/2

[Event "Bundesliga 2022-23"]
[Site "Baden-Baden GER"]
[Date "2023.03.19"]
[Round "11.2"]
[Board "3"]
[White "Krassowizkij, Jaroslaw"]
[Black "L'Ami, Erwin"]
[Result "0-1"]
[WhiteTitle "IM"]
[BlackTitle "GM"]
[WhiteElo "2439"]
[BlackElo "2617"]
[WhiteTeam "TSV Schoenaich"]
[BlackTeam "SG Solingen"]
[WhiteFideId "1271703"]
[BlackFideId "1007998"]
[EventDate "2022.10.22"]

1. e4 c5 2. Nf3 d6 3. d4 cxd4 4. Nxd4 Nf6 5. Nc3 a6 6. Be3 e5 7. Nb3 Be6 8. f3
Nbd7 9. g4 Nb6 10. Qd2 d5 11. Bxb6 Qxb6 12. Nxd5 Bxd5 13. exd5 Bb4 14. c3 Bd6
15. Qf2 Qc7 16. O-O-O b5 17. Kb1 Rb8 18. Qc2 O-O 19. Bd3 g6 20. c4 Rfc8 21. Rc1
Qd8 22. Qd2 bxc4 23. Rxc4 Rxc4 24. Bxc4 Bb4 25. Qe2 a5 26. Qxe5 a4 27. Nc1 Nd7
28. Qd4 Bf8 29. Nd3 Bg7 30. Qf4 Qb6 31. b3 g5 32. Qf5 Qd4 33. Rc1 Nc5 34. Kc2
axb3+ 35. axb3 Ra8 36. d6 Nxd3 37. Qxd3 Ra2+ 38. Kd1 Qg1+ 39. Qf1 Qxh2 40. Bxf7+
Kh8 0-1

[Event "Bundesliga 2022-23"]
[Site "Baden-Baden GER"]
[Date "2023.03.19"]
[Round "11.2"]
[Board "4"]
[White "Warmerdam, Max"]
[Black "Richter, Nils"]
[Result "1/2-1/2"]
[WhiteTitle "GM"]
[BlackTitle "FM"]
[WhiteElo "2612"]
[BlackElo "2395"]
[WhiteTeam "SG Solingen"]
[BlackTeam "TSV Schoenaich"]
[WhiteFideId "1048104"]
[BlackFideId "12990809"]
[EventDate "2022.10.22"]

1. Nf3 Nf6 2. g3 b5 3. Bg2 Bb7 4. O-O e6 5. d3 c5 6. b3 Be7 7. c4 a6 8. e4 d6 9.
Na3 Qb6 10. Bb2 O-O 11. Qe2 Nc6 12. Rfd1 e5 13. Nc2 Nd4 14. Qd2 Nxc2 15. Qxc2
Ne8 16. cxb5 axb5 17. b4 cxb4 18. d4 Nf6 19. Nh4 Rfc8 20. Qe2 Bf8 21. dxe5 dxe5
22. Bxe5 Rc4 23. Bxf6 Qxf6 24. e5 Qb6 25. Rd3 Rac8 26. Rad1 Rc2 27. R3d2 Rxd2
28. Qxd2 Bxg2 29. Kxg2 Qe6 30. Nf3 Ra8 31. Qd5 Rxa2 32. Qxb5 Qa6 33. Rd5 Qa7 34.
Rd4 h6 35. Qc4 Qa6 36. Qd5 Qa8 37. Qxa8 Rxa8 38. Nd2 Ra2 39. Rd8 Rc2 40. Kf3 g5
41. Ne4 b3 42. Rb8 Rb2 43. Nc5 Kg7 44. Rxb3 g4+ 45. Kg2 Rxb3 46. Nxb3 Kg6 47. h3
h5 48. Nd4 Bc5 1/2-1/2

[Event "Bundesliga 2022-23"]
[Site "Baden-Baden GER"]
[Date "2023.03.19"]
[Round "11.2"]
[Board "5"]
[White "Deuer, Marius"]
[Black "Van Wely, Loek"]
[Result "0-1"]
[WhiteTitle "FM"]
[BlackTitle "GM"]
[WhiteElo "2326"]
[BlackElo "2629"]
[WhiteTeam "TSV Schoenaich"]
[BlackTeam "SG Solingen"]
[WhiteFideId "16236432"]
[BlackFideId "1000268"]
[EventDate "2022.10.22"]

1. d4 e6 2. c4 b6 3. a3 Nf6 4. Nc3 Bb7 5. Bg5 Be7 6. e3 h6 7. Bh4 O-O 8. Nf3 c5
9. Be2 cxd4 10. exd4 d5 11. O-O Nc6 12. Bxf6 Bxf6 13. cxd5 exd5 14. Qd2 Qd6 15.
Nb5 Qb8 16. Rac1 a6 17. Nc3 Na5 18. Rcd1 Rd8 19. Na4 Nc4 20. Qb4 a5 21. Qb3 Bc6
22. Nc3 b5 23. Rfe1 Qb7 24. a4 bxa4 25. Qxb7 Bxb7 26. Bxc4 dxc4 27. Ne5 Rab8 28.
Nxa4 Ba8 29. Rd2 Rb4 30. Nc3 Bg5 31. Rc2 Rxd4 32. h4 Bxh4 33. g3 Bf6 34. Nxc4
Bf3 35. Ne3 g6 36. Ra1 a4 37. Ng2 h5 38. Re1 Rb3 39. Re3 Bb7 40. Ne2 Rd1+ 41.
Kh2 Rxb2 42. Rc7 Rbb1 0-1

[Event "Bundesliga 2022-23"]
[Site "Baden-Baden GER"]
[Date "2023.03.19"]
[Round "11.2"]
[Board "6"]
[White "Predojevic, Borki"]
[Black "Vyval, Volodymyr"]
[Result "1-0"]
[WhiteTitle "GM"]
[WhiteElo "2584"]
[BlackElo "2282"]
[WhiteTeam "SG Solingen"]
[BlackTeam "TSV Schoenaich"]
[WhiteFideId "930849"]
[BlackFideId "14121530"]
[EventDate "2022.10.22"]

1. Nf3 Nf6 2. g3 g6 3. b3 d5 4. Bb2 Bg7 5. c4 dxc4 6. bxc4 c5 7. Bg2 Nc6 8. O-O
Qb6 9. Qb3 Qxb3 10. axb3 O-O 11. Ne5 Nxe5 12. Bxe5 Nd7 13. Bxg7 Kxg7 14. Nc3 a6
15. Rfb1 a5 16. d3 e6 17. Nb5 Ra6 18. Nc7 Ra7 19. Nb5 Ra6 20. Nc7 Ra7 21. Kf1
Rd8 22. Ke1 b6 23. Nb5 Ra6 24. Nc7 Ra7 25. Nb5 Ra6 26. Rd1 e5 27. e3 Nf8 28. f4
f6 29. Kf2 Bd7 30. Nc3 Bf5 31. Nb5 Bd7 32. Nc3 Bf5 33. Bd5 Ra7 34. Ra2 Re7 35.
Rad2 Ne6 36. Be4 Bg4 37. Bf3 Bxf3 38. Kxf3 exf4 39. gxf4 Red7 40. h4 Kf7 41. Nd5
Rd6 42. h5 g5 43. fxg5 Nxg5+ 44. Ke2 Re8 45. Rf1 Kg7 46. Kd1 Re5 47. Rdf2 h6 48.
Kd2 Nh7 49. Rf5 Rxf5 50. Rxf5 Ng5 51. Kc3 Re6 52. Kb2 Nf7 53. Rf4 Ne5 54. Kc3
Kf7 55. d4 Nc6 56. Kd3 Rd6 57. Rf1 cxd4 58. exd4 Ne7 59. Ne3 Rd8 60. Ng4 f5 61.
Nxh6+ Kf6 62. Ng4+ Kg5 63. Ne5 Re8 64. Re1 Ra8 65. Rh1 a4 66. h6 axb3 67. h7 b2
68. Kc2 Ra1 69. h8=Q 1-0

[Event "Bundesliga 2022-23"]
[Site "Baden-Baden GER"]
[Date "2023.03.19"]
[Round "11.2"]
[Board "7"]
[White "Plenca, Jadranko"]
[Black "Smeets, Jan"]
[Result "1/2-1/2"]
[WhiteTitle "IM"]
[BlackTitle "GM"]
[WhiteElo "2412"]
[BlackElo "2552"]
[WhiteTeam "TSV Schoenaich"]
[BlackTeam "SG Solingen"]
[WhiteFideId "14527146"]
[BlackFideId "1007246"]
[EventDate "2022.10.22"]

1. e4 c6 2. Nc3 d5 3. Nf3 Bg4 4. h3 Bxf3 5. Qxf3 e6 6. d4 Nf6 7. exd5 cxd5 8.
Bd3 Nc6 9. Ne2 g6 10. c3 Bg7 11. Bg5 O-O 12. O-O e5 13. dxe5 Nxe5 14. Qe3 Re8
15. Bb5 Nc6 16. Qf3 a6 17. Bxc6 bxc6 18. Rad1 Qd6 19. Bf4 Qc5 20. Be3 Qa5 21.
Nd4 Qxa2 22. Nxc6 Qxb2 23. c4 dxc4 24. Ne7+ Kf8 25. Bc5 Qb5 26. Ba3 Qb3 27. Qxb3
cxb3 28. Rfe1 a5 29. Re3 a4 30. g4 h6 31. Rde1 Rxe7 32. Rxe7 Kg8 33. Rb7 Nd5 34.
Rd1 Nf4 35. Rdd7 Bf8 36. Rxf7 Nxh3+ 37. Kg2 Bxa3 38. Rg7+ Kh8 39. Rh7+ Kg8 40.
Rhg7+ Kf8 41. Kxh3 g5 42. Rgf7+ Ke8 43. Rf6 Bb2 44. Rff7 Ba3 45. Rf6 Bb2 46.
Rff7 Ba3 1/2-1/2

[Event "Bundesliga 2022-23"]
[Site "Baden-Baden GER"]
[Date "2023.03.19"]
[Round "11.2"]
[Board "8"]
[White "Naumann, Alexander"]
[Black "Brunner, Jan"]
[Result "1-0"]
[WhiteTitle "GM"]
[WhiteElo "2513"]
[BlackElo "2182"]
[WhiteTeam "SG Solingen"]
[BlackTeam "TSV Schoenaich"]
[WhiteFideId "4623169"]
[BlackFideId "12981010"]
[EventDate "2022.10.22"]

1. e4 c5 2. Nf3 d6 3. Bb5+ Bd7 4. Bxd7+ Qxd7 5. c4 Nf6 6. Nc3 g6 7. d4 cxd4 8.
Nxd4 Bg7 9. f3 O-O 10. Be3 Rc8 11. b3 Qd8 12. O-O Nc6 13. Qd2 Qa5 14. Rfd1 a6
15. a4 Rab8 16. Nde2 Ne5 17. Rab1 h5 18. Nf4 e6 19. Nfe2 Rd8 20. Kh1 Rbc8 21.
Qe1 Qc7 22. Qf2 Nfd7 23. h3 Nc5 24. f4 Ned3 25. Qf3 Nb4 26. Bd4 b6 27. f5 Nc6
28. Qg3 Nxd4 29. Nxd4 Kh7 30. b4 Bxd4 31. Rxd4 e5 32. Nd5 Qb7 33. bxc5 exd4 34.
Rxb6 Qa7 35. c6 Rc7 36. a5 1-0

[Event "Bundesliga 2022-23"]
[Site "Bremen GER"]
[Date "2023.03.19"]
[Round "11.3"]
[Board "1"]
[White "Shevchenko, Kirill"]
[Black "Plat, Vojtech"]
[Result "1/2-1/2"]
[WhiteTitle "GM"]
[BlackTitle "GM"]
[WhiteElo "2645"]
[BlackElo "2546"]
[WhiteTeam "SV Werder Bremen"]
[BlackTeam "SC Remagen Sinzig"]
[WhiteFideId "14129574"]
[BlackFideId "325740"]
[EventDate "2022.10.22"]

1. d4 d6 2. Nf3 Nf6 3. c4 g6 4. Nc3 Bg7 5. e4 O-O 6. Be3 c5 7. d5 e6 8. Be2 exd5
9. cxd5 b5 10. e5 Ng4 11. Bg5 Qa5 12. O-O Nxe5 13. Be7 Re8 14. Bxd6 Nxf3+ 15.
Bxf3 Nd7 16. Be7 b4 17. d6 bxc3 18. Bxa8 cxb2 19. Rb1 Ba6 20. Bc6 Bb5 21. Qd5
Rc8 22. Bxd7 Bxd7 23. Rxb2 Bxb2 24. Qb7 Qb5 25. Qxb5 Bxb5 26. Rb1 c4 27. Rxb2 c3
28. Rc2 Ba4 29. d7 Bxd7 30. Bf6 Be6 1/2-1/2

[Event "Bundesliga 2022-23"]
[Site "Bremen GER"]
[Date "2023.03.19"]
[Round "11.3"]
[Board "2"]
[White "Pavlidis, Antonios"]
[Black "McShane, Luke J"]
[Result "1/2-1/2"]
[WhiteTitle "GM"]
[BlackTitle "GM"]
[WhiteElo "2550"]
[BlackElo "2653"]
[WhiteTeam "SC Remagen Sinzig"]
[BlackTeam "SV Werder Bremen"]
[WhiteFideId "4212312"]
[BlackFideId "404853"]
[EventDate "2022.10.22"]

1. e4 e5 2. Nf3 Nc6 3. d4 exd4 4. Nxd4 Nf6 5. Nxc6 bxc6 6. Nd2 d5 7. exd5 cxd5
8. Bb5+ Bd7 9. Bxd7+ Qxd7 10. O-O Be7 11. b3 a5 12. a4 O-O 13. Bb2 Rfe8 14. Qf3
Ra6 15. Rfe1 Bb4 16. Bc3 Bc5 17. Qd3 Rae6 18. Rxe6 Qxe6 19. Bd4 Bd6 20. Nf1 c6
21. Rd1 Bc7 22. c4 dxc4 23. Qxc4 Nd5 24. Be3 h5 25. Rc1 Nxe3 1/2-1/2

[Event "Bundesliga 2022-23"]
[Site "Bremen GER"]
[Date "2023.03.19"]
[Round "11.3"]
[Board "3"]
[White "Fressinet, Laurent"]
[Black "Burg, Twan"]
[Result "1/2-1/2"]
[WhiteTitle "GM"]
[BlackTitle "GM"]
[WhiteElo "2622"]
[BlackElo "2511"]
[WhiteTeam "SV Werder Bremen"]
[BlackTeam "SC Remagen Sinzig"]
[WhiteFideId "608742"]
[BlackFideId "1010697"]
[EventDate "2022.10.22"]

1. Nf3 d5 2. g3 Nf6 3. Bg2 c5 4. O-O Nc6 5. d4 e6 6. c4 dxc4 7. dxc5 Qxd1 8.
Rxd1 Bxc5 9. Nfd2 Na5 10. Na3 Bxa3 11. bxa3 Bd7 12. Bb2 Bc6 13. Bxc6+ Nxc6 14.
Nxc4 O-O 15. Rac1 Rfd8 16. a4 Rxd1+ 17. Rxd1 Rd8 18. Rxd8+ Nxd8 19. Bxf6 gxf6
20. Kg2 Kf8 21. Kf3 Nc6 22. g4 f5 23. g5 Kg7 24. Kf4 f6 25. Nd6 1/2-1/2

[Event "Bundesliga 2022-23"]
[Site "Bremen GER"]
[Date "2023.03.19"]
[Round "11.3"]
[Board "4"]
[White "Swinkels, Robin"]
[Black "Areshchenko, Alexander"]
[Result "1/2-1/2"]
[WhiteTitle "GM"]
[BlackTitle "GM"]
[WhiteElo "2513"]
[BlackElo "2632"]
[WhiteTeam "SC Remagen Sinzig"]
[BlackTeam "SV Werder Bremen"]
[WhiteFideId "1010824"]
[BlackFideId "14109530"]
[EventDate "2022.10.22"]

1. d4 Nf6 2. c4 g6 3. Nc3 d5 4. Nf3 Bg7 5. Qb3 dxc4 6. Qxc4 O-O 7. e4 a6 8. Be2
b5 9. Qb3 c5 10. dxc5 Be6 11. Qc2 Nbd7 12. Be3 Rc8 13. Rd1 Qa5 14. a3 b4 15.
axb4 Qxb4 16. Nd4 Nxc5 17. O-O Ng4 18. Bxg4 Bxg4 19. f3 Be6 20. Nd5 Qb7 21. Nxe6
Nxe6 1/2-1/2